00411nam a2200133Ia 4500008004000000020001800040082001700058100002000075245006600095250000500161260004400166300001200210650005500222210210b2000 xxu||||| |||| 00| 0 eng d a81 7515 324 5 a378.002 DODB aDODGE (Howard). aBaron's how to prepare for the SAT II: match level IIC. Ed 6. a aNew Delhi.bGalgotia Publishers.,c2000 axii,289 aSAT II Match level IIC SAT SAT: match level IIC